00678nam a2200241 a 4500001001300000003000900013005001700022008004100039020001100080082001600091100002000107245002500127260003500152300000900187500003500196505001700231650002800248700002000276902000800296942000700304952011200311999001300423nice12345678IN_TiNIC20260116011307.0050524s1933 amra grp 000 0 urd  ac5.2500a891.49bBAQ aBaqir, Muhammad aTarikh-E-Nazmo-Nasar aAmritsarbAzad Book Depoc1933 a373p aincludes index and biblioraphy2 aBibliography aUrdu-Literature-history1 aBaqir, Muhammad bSRS cBK 001040708StackRoom-aHMIbHMId2007-06-01g5.25l0o891.49 BAQp03573r2007-06-01v5.25w2005-05-24yBK c251d251